| 000 | 00680cam a22002053a 4500 | ||
|---|---|---|---|
| 001 | 45312 | ||
| 003 | PGUSA | ||
| 005 | 20140828084039.0 | ||
| 008 | 140403s2014||||xxu|||||s|||||000 | eng d | ||
| 040 |
_aPGUSA _beng |
||
| 042 | _adc | ||
| 100 | 1 |
_aMaupassant, Guy de, _d1850-1893 |
|
| 245 | 1 | 0 |
_aOeuvres complètes de Guy de Maupassant - volume 2 : _bLettres de Mme Laure de Maupassant à Gustave Flaubert Vers inédits _h[electronic resource] / _cGuy de Maupassant |
| 260 |
_bProject Gutenberg, _c2014 |
||
| 506 | _aPublic domain in the USA. | ||
| 516 | _aElectronic text | ||
| 830 | 0 |
_aProject Gutenberg _v45312 |
|
| 856 | 4 | 0 | _uhttp://www.gutenberg.org/ebooks/45312 |
| 942 | _cEB | ||
| 999 |
_c274563 _d274563 |
||